[Event "Tournoi Skype 027A"]
[Site "Skype"]
[Date "????.??.??"]
[Round "4.3"]
[White "Pena, Eduin"]
[Black "Rico Hernandez, Edgar"]
[Result "1/2-1/2"]
[WhiteElo "1833"]
[BlackElo "1882"]
[PlyCount "109"]

1. e4 c6 2. d4 d5 3. exd5 cxd5 4. c4 Nf6 5. Nc3 Nc6 6. Nf3 Bg4 7. cxd5 Nxd5 8.
Qb3 Bxf3 9. gxf3 Nxc3 10. bxc3 Qc7 11. Bf4 e5 12. dxe5 Bc5 13. Qc4 Qe7 14. Qe4
O-O 15. Bd3 g6 16. O-O Rfe8 17. Bb5 Rac8 18. Rad1 a6 19. Bxc6 Rxc6 20. Rfe1 Ba7
21. Be3 Bb8 22. Bd4 Re6 23. f4 f6 24. Qd5 Qf7 25. Re3 f5 26. Bc5 Rc8 27. Red3
h6 28. Bd6 Ba7 29. Rb1 b6 30. c4 Ree8 31. Qxf7+ Kxf7 32. Rc1 Red8 33. Ra3 a5
34. Rh3 h5 35. Rb3 Ke6 36. Rg3 Rg8 37. h4 Rc6 38. Kf1 Kf7 39. Ke2 Rg7 40. Rb3
Ke6 41. Rb5 Rg8 42. Kd3 Rgc8 43. a4 Kf7 44. Rc3 Ke6 45. Kd4 Rd8 46. Ke3 Rdc8
47. Kd3 Kf7 48. c5 Ke6 49. Kc4 Rd8 50. Rg3 Rg8 51. Kd3 Rg7 52. Kc4 Rg8 53. Kb3
Rg7 54. Rc3 Rb7 55. cxb6 1/2-1/2

[Event "Tournoi Skype 027A"]
[Site "Skype"]
[Date "????.??.??"]
[Round "4.4"]
[White "Figueroa, Tomas"]
[Black "Engstrom, Olle"]
[Result "1-0"]
[WhiteElo "2093"]
[BlackElo "1723"]
[PlyCount "31"]

1. Nf3 c5 2. c4 Nc6 3. g3 g6 4. Bg2 Bg7 5. Nc3 Nf6 6. O-O O-O 7. Rb1 a6 8. b3
Rb8 9. d4 cxd4 10. Nxd4 Nxd4 11. Qxd4 Ne8 12. Qa7 Be5 13. Bf4 Bxf4 14. gxf4 Qc7
15. Nd5 Qd6 16. c5 1-0

[Event "Tournoi Skype 027A"]
[Site "Skype"]
[Date "????.??.??"]
[Round "4.5"]
[White "Prasath, Malola"]
[Black "Grosso, Raul"]
[Result "0-1"]
[WhiteElo "2035"]
[BlackElo "1851"]
[PlyCount "32"]

1. e4 c5 2. Nf3 g6 3. d4 cxd4 4. Nxd4 Bg7 5. c3 Nc6 6. Bc4 Nf6 7. f3 a6 8. a4
O-O 9. h4 d5 10. exd5 Nxd5 11. h5 Nxd4 12. cxd4 Nb6 13. hxg6 Nxc4 14. gxf7+
Rxf7 15. Qd3 Bf5 16. Qxc4 Rc8 0-1

[Event "Tournoi Skype 027A"]
[Site "Skype"]
[Date "????.??.??"]
[Round "4.6"]
[White "Rapaire, Jean-Michel"]
[Black "Bautista, Leidy"]
[Result "1-0"]
[WhiteElo "1880"]
[BlackElo "1683"]
[PlyCount "111"]

1. e4 c5 2. Nf3 d6 3. a3 Nf6 4. Nc3 a6 5. Bc4 e6 6. d3 Be7 7. O-O O-O 8. Ne2 b5
9. Ba2 Bb7 10. Ng3 Qc7 11. h3 Nc6 12. Re1 a5 13. c3 b4 14. a4 Rab8 15. c4 Rfd8
16. Qe2 Bf8 17. b3 g6 18. Bb2 e5 19. Bb1 Bg7 20. Bc2 Qe7 21. Bd1 Rf8 22. Nh2
Rbe8 23. Ng4 Nd7 24. Ne3 Nd4 25. Bxd4 cxd4 26. Nd5 Bxd5 27. cxd5 Rc8 28. Qd2
Rc7 29. Rc1 Nc5 30. Rc4 f5 31. f3 Qh4 32. Nf1 Bh6 33. Qe2 Rcc8 34. Bc2 Nd7 35.
Rc6 Rxc6 36. dxc6 Nc5 37. exf5 gxf5 38. Qf2 Qd8 39. Qg3+ Kf7 40. f4 Bxf4 41.
Qf3 Qg5 42. Qd5+ Ke7 43. Qxd4 Rg8 44. Qf2 Ne6 45. Re2 Qh5 46. Bd1 Qxh3 47. c7
Kd7 48. c8=Q+ Kxc8 49. Rc2+ Nc5 50. Rxc5+ Kd7 51. Rxa5 Qxd3 52. Bc2 Qh3 53. Ra6
Ke6 54. Ra8 Qg4 55. Bxf5+ Kxf5 56. Ne3+ 1-0

[Event "Tournoi Skype 027A"]
[Site "Skype"]
[Date "????.??.??"]
[Round "4.7"]
[White "Elias, Roberto"]
[Black "Montalvo, Mario"]
[Result "1/2-1/2"]
[WhiteElo "1876"]
[BlackElo "1707"]
[PlyCount "71"]

1. c4 Nf6 2. Nc3 g6 3. g3 Bg7 4. Bg2 d6 5. e3 O-O 6. Nge2 c6 7. O-O e5 8. d4
exd4 9. exd4 Re8 10. Bg5 h6 11. Be3 Ng4 12. Bf4 g5 13. Bd2 c5 14. d5 Bf5 15.
Rc1 Na6 16. h3 Ne5 17. b3 Nb4 18. g4 Bg6 19. Ng3 Ned3 20. Ra1 Nf4 21. Nf5 Bxf5
22. gxf5 Bxc3 23. Bxf4 gxf4 24. Rc1 Qf6 25. Qg4+ Kh7 26. a3 Nd3 27. Rcd1 Ne5
28. Qxf4 Rg8 29. Kh1 Qg5 30. Qxg5 Rxg5 31. f4 Rxg2 32. Kxg2 Rg8+ 33. Kh2 Nd7
34. Rg1 Re8 35. Rd3 Bd4 36. Rf1 1/2-1/2

[Event "Tournoi Skype 027A"]
[Site "Skype"]
[Date "????.??.??"]
[Round "4.8"]
[White "Khunte, Aniruddha"]
[Black "Benson, Paul"]
[Result "1-0"]
[WhiteElo "1652"]
[BlackElo "2080"]
[PlyCount "63"]

1. e4 c5 2. Nf3 g6 3. d4 cxd4 4. Nxd4 Nc6 5. Be3 Bg7 6. c3 Nf6 7. Nd2 d5 8.
exd5 Nxd5 9. Nxc6 bxc6 10. Bg5 Qb6 11. Nc4 Qc5 12. Qf3 O-O 13. Rd1 a5 14. Be2
Ba6 15. Ne3 Bxe2 16. Qxe2 Nxc3 17. Bxe7 Qxe7 18. bxc3 Bxc3+ 19. Kf1 Rfe8 20.
Qc4 Qf6 21. Ke2 Rac8 22. Rhf1 c5 23. Rd3 Bd4 24. Rfd1 Kg7 25. Re1 Rb8 26. Kf1
Rb4 27. Qc1 c4 28. Rxd4 Qxd4 29. Nf5+ gxf5 30. Qg5+ Kf8 31. Qh6+ Qg7 32. Rxe8+
1-0

[Event "Tournoi Skype 027A"]
[Site "Skype"]
[Date "????.??.??"]
[Round "4.9"]
[White "Mulrooney, Justin"]
[Black "Deville, Olivier"]
[Result "0-1"]
[WhiteElo "1635"]
[BlackElo "2023"]
[PlyCount "44"]

1. e4 c5 2. Nc3 Nc6 3. f4 a6 4. Nf3 g6 5. d3 Bg7 6. Bd2 e6 7. Be2 Nge7 8. O-O
O-O 9. Qe1 Nd4 10. Qd1 d5 11. Na4 Qc7 12. Rb1 Bd7 13. b3 Rfd8 14. c3 dxe4 15.
cxd4 exf3 16. Rxf3 Bxd4+ 17. Kh1 b5 18. Nc3 Rac8 19. Ne4 Bc6 20. Qe1 Qb7 21.
Rh3 Bxe4 22. dxe4 Qxe4 0-1

[Event "Tournoi Skype 027A"]
[Site "Skype"]
[Date "????.??.??"]
[Round "4.11"]
[White "Lovell, Stan"]
[Black "Karia, Vijay"]
[Result "0-1"]
[WhiteElo "1634"]
[BlackElo "1800"]
[PlyCount "78"]

1. e4 d5 2. exd5 Qxd5 3. Nc3 Qa5 4. d4 c6 5. Nf3 Nf6 6. Bc4 Bg4 7. Bxf7+ Kxf7
8. Ne5+ Qxe5+ 9. dxe5 Bxd1 10. Nxd1 Ng4 11. f4 Nd7 12. O-O e6 13. Nc3 Bc5+ 14.
Kh1 Rhf8 15. Ne4 Be7 16. Bd2 Kg8 17. h3 Nh6 18. Rad1 Nc5 19. Nc3 Rad8 20. b4
Na6 21. a3 Rd7 22. g4 Rfd8 23. Nb1 Nc7 24. Rf2 Nd5 25. Rdf1 c5 26. c3 b6 27. f5
exf5 28. gxf5 Rb7 29. f6 Bf8 30. Bxh6 gxh6 31. e6 Ra8 32. e7 Nxe7 33. fxe7 Bxe7
34. Nd2 a5 35. b5 Rd8 36. Rg2+ Kh8 37. Nc4 Rd5 38. Re1 Rf5 39. Nd6 Bxd6 0-1

[Event "Tournoi Skype 027A"]
[Site "Skype"]
[Date "????.??.??"]
[Round "4.12"]
[White "Caputi, Giuliano"]
[Black "Le Brun, Yves"]
[Result "1-0"]
[WhiteElo "1785"]
[BlackElo "1611"]
[PlyCount "47"]

1. e4 e5 2. Nf3 Nc6 3. Bb5 a6 4. Bxc6 dxc6 5. O-O Bd6 6. d4 Bg4 7. h3 Bxf3 8.
Qxf3 Qe7 9. Be3 O-O-O 10. Qg4+ Kb8 11. Qxg7 Nf6 12. Bg5 Rhg8 13. Qxf6 Qxf6 14.
Bxf6 Rde8 15. dxe5 Bxe5 16. Bxe5 Rxe5 17. Nc3 Reg5 18. g3 h6 19. Kh2 R8g6 20.
Rad1 Rd6 21. f4 Rg8 22. e5 Rxd1 23. Rxd1 Kc8 24. Ne4 1-0

[Event "Tournoi Skype 027A"]
[Site "Skype"]
[Date "????.??.??"]
[Round "4.13"]
[White "Perrone, Gabriel Lorenzo"]
[Black "Martinez Quintero, Javier"]
[Result "0-1"]
[WhiteElo "1628"]
[BlackElo "1773"]
[PlyCount "46"]

1. d4 Nf6 2. c4 e6 3. Nf3 Bb4+ 4. Bd2 Bxd2+ 5. Qxd2 d5 6. g3 dxc4 7. Bg2 c6 8.
O-O b5 9. Ne5 Bb7 10. Nc3 Qc7 11. a4 a6 12. Qg5 O-O 13. Na2 Nbd7 14. Nb4 c5 15.
Bxb7 Qxb7 16. Nbc6 cxd4 17. Nxd4 Qd5 18. Qe3 Nxe5 19. Rfd1 Qe4 20. Qa3 Qb7 21.
Qb4 Nd5 22. Qa5 Nc6 23. Qc3 Nxc3 0-1

[Event "Tournoi Skype 027A"]
[Site "Skype"]
[Date "????.??.??"]
[Round "4.14"]
[White "Legueltel, Daniel"]
[Black "Ortiz, Vladimir"]
[Result "1/2-1/2"]
[WhiteElo "1747"]
[BlackElo "1553"]
[PlyCount "82"]

1. d4 Nf6 2. c4 e6 3. Bf4 d5 4. e3 Bd6 5. Bg3 a6 6. Nf3 Bxg3 7. hxg3 Nbd7 8.
Bd3 h6 9. Nc3 c6 10. Rc1 Qc7 11. Qb3 e5 12. cxd5 cxd5 13. dxe5 Nxe5 14. Nxe5
Qxe5 15. Rh4 O-O 16. Rd4 Rd8 17. Ne2 Rb8 18. Nf4 Be6 19. Be2 b5 20. Bf3 Qf5 21.
Rc5 Rbc8 22. Rxc8 Rxc8 23. Nxd5 Nxd5 24. Bxd5 Bxd5 25. Rxd5 Qb1+ 26. Rd1 Qf5
27. Qd3 Qe6 28. b3 Qf6 29. Qd4 Qc6 30. f3 Qc2 31. Rd2 Qc7 32. Kf2 Qc6 33. e4
Kh8 34. g4 f6 35. g3 Qc5 36. Qxc5 Rxc5 37. Ke3 Rc3+ 38. Rd3 Rc2 39. Rd2 Rc3+
40. Rd3 Rc2 41. a4 bxa4 1/2-1/2

[Event "Tournoi Skype 027A"]
[Site "Skype"]
[Date "????.??.??"]
[Round "4.15"]
[White "Casey, Eamonn"]
[Black "Zenini, Simone"]
[Result "0-1"]
[WhiteElo "1671"]
[BlackElo "1460"]
[PlyCount "64"]

1. d4 Nf6 2. c4 g6 3. Nc3 Bg7 4. e4 d6 5. Be2 O-O 6. Be3 e5 7. dxe5 dxe5 8. Nf3
a5 9. Nxe5 Nxe4 10. Nxe4 Bxe5 11. Qc1 Bf5 12. Bf3 c6 13. O-O Bxe4 14. Bxe4 Qh4
15. f4 Bc7 16. Rf3 Re8 17. Rh3 Qe7 18. Bd3 Nd7 19. f5 Ne5 20. fxg6 Nxd3 21.
gxh7+ Kh8 22. Bd4+ f6 23. Rxd3 Rad8 24. Qh6 Be5 25. Bxe5 Qxe5 26. Rxd8 Rxd8 27.
Rf1 Qc5+ 28. Kh1 Qd4 29. h3 Qxb2 30. Qxf6+ Qxf6 31. Rxf6 Rd7 32. Rf7 Rxf7 0-1

[Event "Tournoi Skype 027A"]
[Site "Skype"]
[Date "????.??.??"]
[Round "4.16"]
[White "Pezzolato, Erica"]
[Black "Aravena, Alvaro"]
[Result "1-0"]
[WhiteElo "1458"]
[BlackElo "1658"]
[PlyCount "153"]

1. c4 e5 2. d3 Nf6 3. Nf3 c6 4. g3 Be7 5. Bg2 O-O 6. O-O d6 7. Nc3 Nbd7 8. Bd2
Re8 9. e4 Nc5 10. Be3 Ncd7 11. Qc2 Nf8 12. Rad1 Ng6 13. d4 exd4 14. Bxd4 Be6
15. b3 b6 16. e5 dxe5 17. Nxe5 Nxe5 18. Bxe5 Qc8 19. Bxf6 Bxf6 20. Ne4 Be7 21.
Nd6 Bxd6 22. Rxd6 Bd7 23. Qd2 Re7 24. Rd1 Be8 25. Kf1 Qc7 26. Rd8 Rxd8 27. Qxd8
c5 28. Qxc7 Rxc7 29. Rd8 Kf8 30. f4 f6 31. Kf2 Ke7 32. Rd3 Bg6 33. Re3+ Kf8 34.
Bd5 Bb1 35. Re2 f5 36. Rb2 Bd3 37. Rd2 Bb1 38. Rb2 Bd3 39. Rd2 Be4 40. Bxe4
fxe4 41. Ke3 Re7 42. Rd5 Kf7 43. Re5 Rd7 44. Rd5 Re7 45. Re5 Rd7 46. Rd5 Rc7
47. Kxe4 Kf6 48. g4 g6 49. h4 Re7+ 50. Re5 Rd7 51. Rd5 Re7+ 52. Re5 Rc7 53. f5
Rd7 54. Rd5 Re7+ 55. Kf4 h6 56. Rd6+ Kf7 57. Rxg6 Re2 58. Rxh6 Rf2+ 59. Kg5
Rxa2 60. Rh7+ Kg8 61. Kg6 Rg2 62. g5 a5 63. f6 Rf2 64. f7+ Kf8 65. Rh8+ Ke7 66.
Re8+ Kd7 67. f8=Q Rxf8 68. Rxf8 Kc7 69. Rf6 Kb7 70. h5 Ka6 71. h6 a4 72. bxa4
Ka5 73. h7 Kxa4 74. Rxb6 Ka5 75. Rb1 Ka6 76. h8=Q Ka7 77. Qa1# 1-0

[Event "Tournoi Skype 027A"]
[Site "Skype"]
[Date "????.??.??"]
[Round "4.17"]
[White "Mordaa, Ahmad"]
[Black "Diaz, Jose Garcia"]
[Result "1/2-1/2"]
[WhiteElo "1571"]
[BlackElo "1860"]
[PlyCount "87"]

1. e4 e6 2. d3 d5 3. Nd2 Bd6 4. Ngf3 dxe4 5. dxe4 e5 6. Nc4 Nd7 7. Nxd6+ cxd6
8. Bc4 Nb6 9. Bb3 Ne7 10. O-O h6 11. Be3 O-O 12. c3 Ng6 13. Re1 Be6 14. Bc2 f6
15. b3 Rc8 16. c4 f5 17. exf5 Bxf5 18. Re2 Qf6 19. Bd2 Bxc2 20. Qxc2 d5 21. Bb4
Rfe8 22. c5 Nd7 23. Qd2 e4 24. Qxd5+ Kh7 25. Nd4 Nf4 26. Qf5+ Qxf5 27. Nxf5
Nxe2+ 28. Kf1 Nf4 29. Nd6 Red8 30. Nxc8 Rxc8 31. Bd2 Nd3 32. b4 b6 33. Ke2 bxc5
34. Be3 Nxb4 35. Rd1 Nf6 36. Rc1 c4 37. a3 Nbd5 38. Bxa7 c3 39. Bd4 c2 40. Kd2
Nf4 41. g3 Nd3 42. Rxc2 Rxc2+ 43. Kxc2 Nd5 44. Kd2 1/2-1/2

[Event "Tournoi Skype 027A"]
[Site "Skype"]
[Date "????.??.??"]
[Round "4.18"]
[White "Yardimci, Ertan"]
[Black "Hilton, Stephen"]
[Result "0-1"]
[WhiteElo "1591"]
[BlackElo "1741"]
[PlyCount "52"]

1. d4 Nf6 2. Nf3 g6 3. c4 Bg7 4. Nc3 O-O 5. e4 d6 6. Be2 e5 7. d5 a5 8. O-O
Nbd7 9. Bg5 h6 10. Bh4 Re8 11. Nd2 g5 12. Bg3 Nf8 13. f3 Ng6 14. Qc2 Nh5 15.
Bf2 Nhf4 16. Rae1 Rf8 17. Bd3 Nxd3 18. Qxd3 f5 19. Kh1 f4 20. Qc2 h5 21. a3 g4
22. Ra1 Qg5 23. Nb5 Rf7 24. c5 g3 25. hxg3 fxg3 26. f4 Qh4+ 0-1

[Event "Tournoi Skype 027A"]
[Site "Skype"]
[Date "????.??.??"]
[Round "4.19"]
[White "Leyton Calderon, Jairo Oswaldo"]
[Black "Saponara, Jose Maria"]
[Result "1-0"]
[WhiteElo "1555"]
[BlackElo "1714"]
[PlyCount "47"]

1. Nf3 d5 2. b3 Nc6 3. Bb2 Nf6 4. e3 Bg4 5. Be2 e6 6. O-O Bd6 7. d4 Bxf3 8.
Bxf3 Ne7 9. Nd2 g5 10. e4 dxe4 11. Nxe4 Nxe4 12. Bxe4 c6 13. Re1 Qc7 14. Qh5
Ng6 15. Bxg6 fxg6 16. Rxe6+ Kf7 17. Qh3 Bxh2+ 18. Kf1 Bf4 19. Rae1 h5 20. Qd3
Rhg8 21. d5 Rad8 22. Rf6+ Kg7 23. Qxg6+ Kh8 24. Rf7+ 1-0

[Event "Tournoi Skype 027A"]
[Site "Skype"]
[Date "????.??.??"]
[Round "4.20"]
[White "Perez, Luis Horacio"]
[Black "Sepulveda, Lyda Marcela"]
[Result "1-0"]
[WhiteElo "1327"]
[BlackElo "1672"]
[PlyCount "95"]

1. e4 e5 2. Bc4 Bc5 3. Nf3 Nc6 4. a3 Nf6 5. Nc3 d6 6. h3 O-O 7. d3 Re8 8. b4
Bb6 9. Ng5 d5 10. exd5 Nd4 11. d6 Rf8 12. dxc7 Bxc7 13. O-O b6 14. Ne2 Bb7 15.
Nxd4 exd4 16. f3 Nd5 17. Ne4 Nc3 18. Qe1 Re8 19. Bg5 Rxe4 20. Bxd8 Rxe1 21.
Raxe1 Rxd8 22. Re7 Rc8 23. Rxf7 Kh8 24. Be6 Ne2+ 25. Kf2 Re8 26. Rxc7 Ba6 27.
Rxa7 Bb5 28. Bd7 Bxd7 29. Rxd7 Nc3 30. Re1 Rf8 31. Ree7 Nd1+ 32. Kg3 Rg8 33. h4
Ne3 34. h5 Nf5+ 35. Kg4 Nxe7 36. Rxe7 h6 37. Kf4 Rf8+ 38. Ke5 Kh7 39. Kxd4 Ra8
40. Ke5 Rxa3 41. f4 Ra1 42. Rb7 Rg1 43. f5 Rxg2 44. c4 Rg5 45. Rxb6 Rxh5 46. c5
Rh3 47. d4 Rc3 48. c6 1-0

[Event "Tournoi Skype 027A"]
[Site "Skype"]
[Date "????.??.??"]
[Round "4.21"]
[White "Khetre, Gaurav"]
[Black "Couto, Januario"]
[Result "1-0"]
[WhiteElo "1642"]
[BlackElo "1612"]
[PlyCount "45"]

1. d4 f5 2. c4 g6 3. g3 Bg7 4. Bg2 d6 5. Nf3 Nf6 6. Nc3 O-O 7. O-O c6 8. Qc2
Qe8 9. d5 e5 10. dxe6 Bxe6 11. b3 d5 12. Ba3 Rf7 13. Ne5 Rc7 14. Rad1 Nbd7 15.
Nxd7 Rxd7 16. cxd5 cxd5 17. Nb5 Rc8 18. Qd3 Rc6 19. Rc1 Rxc1 20. Rxc1 a6 21.
Nd6 Qe7 22. Rc8+ Bf8 23. Nb5 1-0

[Event "Tournoi Skype 027A"]
[Site "Skype"]
[Date "????.??.??"]
[Round "4.22"]
[White "Chavero, Victor"]
[Black "Teles, Jeferson Lisboa"]
[Result "0-1"]
[WhiteElo "1448"]
[BlackElo "1622"]
[PlyCount "86"]

1. d4 Nf6 2. Nf3 g6 3. e3 Bg7 4. Bd3 O-O 5. O-O d5 6. Nbd2 c5 7. b3 Nc6 8. a3
cxd4 9. exd4 Bg4 10. Bb2 Qb6 11. c3 Rac8 12. Qc2 Nh5 13. c4 dxc4 14. Bxc4 e6
15. Rfe1 Nf4 16. Qe4 Bxf3 17. Nxf3 Nd5 18. Bxd5 exd5 19. Qxd5 Rfd8 20. Qe4 Qxb3
21. Rab1 Re8 22. Qg4 Rxe1+ 23. Rxe1 f5 24. Qf4 Qxb2 25. Qc1 Qxc1 26. Rxc1 Rd8
27. g3 Nxd4 28. Nxd4 Rxd4 29. Rc8+ Bf8 30. Rc7 Ra4 31. Rxb7 Rxa3 32. Kg2 a5 33.
Ra7 a4 34. Ra6 Ra2 35. h3 a3 36. g4 fxg4 37. hxg4 Rb2 38. Kf3 a2 39. Ra8 h6 40.
Kg3 g5 41. f3 Kf7 42. Ra6 Bd6+ 43. Kh3 Rh2# 0-1

[Event "Tournoi Skype 027A"]
[Site "Skype"]
[Date "????.??.??"]
[Round "4.23"]
[White "Rajpurohit, Dinesh"]
[Black "Trivedi, Viral"]
[Result "1/2-1/2"]
[WhiteElo "1613"]
[BlackElo "1535"]
[PlyCount "57"]

1. e4 e6 2. d4 d5 3. Nd2 Nf6 4. e5 Nfd7 5. Bd3 c5 6. c3 Nc6 7. Ne2 cxd4 8. cxd4
f6 9. Nf4 Nxd4 10. Qh5+ Ke7 11. Ng6+ hxg6 12. exf6+ Nxf6 13. Qxh8 Kf7 14. Qh4
e5 15. f3 Bf5 16. Bxf5 gxf5 17. O-O Bc5 18. Kh1 Nc2 19. Rb1 Nb4 20. Nb3 Bb6 21.
Qxb4 Nh5 22. Qe1 f4 23. g4 fxg3 24. hxg3 Qh8 25. Kg2 Qh7 26. Bg5 Rh8 27. Rh1
Qc2+ 28. Nd2 e4 29. f4 1/2-1/2

[Event "Tournoi Skype 027A"]
[Site "Skype"]
[Date "????.??.??"]
[Round "4.24"]
[White "Calderon, Francisco"]
[Black "Marino, Giuseppe"]
[Result "1-0"]
[WhiteElo "1683"]
[BlackElo "1465"]
[PlyCount "57"]

1. e4 b6 2. d4 d6 3. Nc3 Bb7 4. Nf3 g6 5. Bc4 h6 6. Bf4 e6 7. e5 d5 8. Bd3 Ne7
9. Ne2 Bg7 10. c3 O-O 11. Qd2 Kh7 12. h4 Rh8 13. h5 Kg8 14. hxg6 fxg6 15. Ng3
Qf8 16. Rh2 Nd7 17. O-O-O c5 18. Rdh1 cxd4 19. cxd4 Nf5 20. Bxf5 exf5 21. Bxh6
Bxh6 22. Rxh6 Rxh6 23. Rxh6 Rc8+ 24. Kb1 Rc6 25. Qg5 Qe8 26. Nxf5 Kf7 27. Rh7+
Kg8 28. Rh8+ Kxh8 29. Qh6+ 1-0

[Event "Tournoi Skype 027A"]
[Site "Skype"]
[Date "????.??.??"]
[Round "4.25"]
[White "Lucena Vaz, Jose"]
[Black "Yeter, Orhan"]
[Result "0-1"]
[WhiteElo "1527"]
[BlackElo "1632"]
[PlyCount "68"]

1. e4 e5 2. Nf3 Nc6 3. Bb5 Nf6 4. O-O Nxe4 5. d4 Nd6 6. dxe5 Nxb5 7. Qe2 a6 8.
c3 Be7 9. Re1 O-O 10. Bf4 d6 11. Nbd2 dxe5 12. Bxe5 Nxe5 13. Nxe5 Bd6 14. Ndc4
Bxe5 15. Qxe5 Be6 16. Rad1 Qf6 17. Nd2 Qxe5 18. Rxe5 Rad8 19. a3 Bb3 20. Rde1
Rxd2 21. Re8 Rd8 22. R8e7 Rd1 23. Rxd1 Bxd1 24. c4 Nd6 25. Rxc7 Re8 26. h3 Ba4
27. c5 Ne4 28. b4 Bc6 29. a4 Rd8 30. Kh2 g6 31. Re7 Nxf2 32. Re2 Nd3 33. b5
axb5 34. a5 Nxc5 0-1

[Event "Tournoi Skype 027A"]
[Site "Skype"]
[Date "????.??.??"]
[Round "4.26"]
[White "Kruzeniski, Randy"]
[Black "Carballo, Jorge"]
[Result "1/2-1/2"]
[WhiteElo "1509"]
[BlackElo "1594"]
[PlyCount "74"]

1. d4 d5 2. Nf3 Nf6 3. e3 e6 4. Bd3 Bd6 5. O-O O-O 6. c4 c6 7. Nbd2 Nbd7 8. a3
Re8 9. c5 Bc7 10. b4 a6 11. Bb2 e5 12. dxe5 Nxe5 13. Nxe5 Bxe5 14. Bxe5 Rxe5
15. Nf3 Re7 16. h3 Bd7 17. Qc2 Ne4 18. Nd2 Nxd2 19. Qxd2 Qc7 20. Qc2 g6 21.
Rae1 Rae8 22. Qc3 Qe5 23. Qxe5 Rxe5 24. g4 f5 25. gxf5 Bxf5 26. Bxf5 Rxf5 27.
f4 Re4 28. Kg2 Rf7 29. h4 h5 30. Kf3 Rfe7 31. Rg1 Kh7 32. Re2 d4 33. Rge1 dxe3
34. Rxe3 Rxe3+ 35. Rxe3 Rd7 36. Ke4 Kg7 37. Ke5 Re7+ 1/2-1/2

[Event "Tournoi Skype 027A"]
[Site "Skype"]
[Date "????.??.??"]
[Round "4.27"]
[White "Ram, Madhukesh"]
[Black "Aceituno, Stebe"]
[Result "1-0"]
[WhiteElo "1523"]
[BlackElo "1590"]
[PlyCount "75"]

1. e4 c5 2. Nf3 Nc6 3. d4 cxd4 4. Nxd4 d6 5. Bb5 Qc7 6. Nc3 e6 7. Be3 Bd7 8.
Qd2 Nf6 9. O-O-O a6 10. Be2 Ne5 11. Bg5 Be7 12. f4 Nc4 13. Qd3 b5 14. f5 e5 15.
Nb3 Bc6 16. Bxf6 gxf6 17. Nd5 Bxd5 18. Qxd5 Ne3 19. Qxa8+ Qd8 20. Qxd8+ Kxd8
21. Rd2 Kd7 22. Kb1 Kc7 23. h4 Nxg2 24. Bxb5 axb5 25. Rxg2 Kc6 26. Rhg1 d5 27.
exd5+ Kxd5 28. Rg8 Rxg8 29. Rxg8 Ke4 30. Re8 Bd6 31. Rd8 Be7 32. Rd7 Bf8 33.
Rxf7 Kxf5 34. Rxf8 e4 35. Kc1 Ke5 36. Kd2 f5 37. Ke3 Ke6 38. Nd4+ 1-0

[Event "Tournoi Skype 027A"]
[Site "Skype"]
[Date "????.??.??"]
[Round "4.28"]
[White "Salazar Ticeran, Antonio"]
[Black "Pouteau, Pascal"]
[Result "1/2-1/2"]
[WhiteElo "1589"]
[BlackElo "1454"]
[PlyCount "82"]

1. e4 c6 2. d4 d5 3. e5 Bf5 4. Bd3 Bg6 5. Ne2 Nd7 6. O-O e6 7. Be3 Ne7 8. Bg5
Bxd3 9. Qxd3 Qb6 10. b3 Nf5 11. c3 h6 12. Bd2 c5 13. g4 Nh4 14. Qh3 g5 15. Kh1
Be7 16. Be3 O-O-O 17. dxc5 Bxc5 18. Bxc5 Qxc5 19. f4 Rdf8 20. Nd2 f6 21. c4
fxe5 22. fxe5 Rxf1+ 23. Rxf1 Rf8 24. Ng3 Rxf1+ 25. Qxf1 Nxe5 26. Qf6 Qd4 27.
Qxe6+ Kc7 28. Qxd5 Qxd5+ 29. cxd5 Nxg4 30. Nge4 b6 31. Nc4 Ng6 32. h3 N4e5 33.
Kg2 Nxc4 34. bxc4 Ne5 35. Nd2 Kd6 36. Kg3 Kc5 37. h4 gxh4+ 38. Kxh4 a6 39. Kh5
b5 40. cxb5 axb5 41. Kxh6 Kxd5 1/2-1/2

[Event "Tournoi Skype 027A"]
[Site "Skype"]
[Date "????.??.??"]
[Round "4.29"]
[White "Sauvaget, Joel"]
[Black "Aclan, Levent"]
[Result "0-1"]
[WhiteElo "1467"]
[BlackElo "1571"]
[PlyCount "78"]

1. d4 d5 2. c4 e6 3. Nf3 Nf6 4. Bg5 Be7 5. Nc3 O-O 6. e3 a6 7. Be2 Nbd7 8. O-O
dxc4 9. Bxc4 b5 10. Bd3 c5 11. dxc5 Nxc5 12. Bc2 Bb7 13. h3 h6 14. Bh4 Qb6 15.
Re1 Rfd8 16. Qe2 b4 17. Nd1 a5 18. e4 Rac8 19. e5 Nd5 20. Bxe7 Nxe7 21. Bb3
Nxb3 22. axb3 Ba6 23. Qe4 Bb7 24. Qh4 Ng6 25. Qg4 Rc2 26. Qg3 Rd3 27. Ne3 Rxb2
28. Nc4 Qc7 29. Nxb2 Rxb3 30. Rec1 Rc3 31. Rd1 Bxf3 32. gxf3 Nxe5 33. Nd3 f6
34. Nxe5 fxe5 35. Re1 b3 36. Qxe5 Qxe5 37. Rxe5 b2 38. Rb1 Rc1+ 39. Rxc1
bxc1=Q+ 0-1

[Event "Tournoi Skype 027A"]
[Site "Skype"]
[Date "????.??.??"]
[Round "4.30"]
[White "Morelli, Daniel"]
[Black "Castillo, Jesus"]
[Result "0-1"]
[WhiteElo "1409"]
[BlackElo "1568"]
[PlyCount "92"]

1. e4 e5 2. Nf3 Nc6 3. Nc3 Bc5 4. Bc4 Nf6 5. d3 O-O 6. Bg5 d6 7. h3 Na5 8. Bb3
Nc6 9. Nd5 Kh8 10. Nxf6 gxf6 11. Bh6 Rg8 12. Bxf7 Rxg2 13. Be3 Bxe3 14. fxe3
Qf8 15. Rg1 Rxg1+ 16. Nxg1 Qxf7 17. Qd2 Qh5 18. Qe2 Qh4+ 19. Kd2 Be6 20. b3 Rg8
21. Rf1 Bxh3 22. Nxh3 Qxh3 23. Kc3 Qe6 24. Qf3 a5 25. Qxf6+ Qxf6 26. Rxf6 Rg7
27. Rf8+ Rg8 28. Rf7 Rc8 29. a3 Nd8 30. Rf6 Kg7 31. Rf2 h5 32. Rg2+ Kh6 33. Kd2
Ne6 34. Ke2 Rf8 35. c3 h4 36. d4 exd4 37. cxd4 Kh5 38. Rf2 Rxf2+ 39. Kxf2 Kg4
40. Kg2 Ng5 41. e5 h3+ 42. Kh2 Nf3+ 43. Kh1 dxe5 44. dxe5 Nxe5 45. e4 Kg3 46.
a4 h2 0-1

[Event "Tournoi Skype 027A"]
[Site "Skype"]
[Date "????.??.??"]
[Round "4.31"]
[White "Mantelli, Luca"]
[Black "Junqueira, Leonardo De Faria"]
[Result "1/2-1/2"]
[WhiteElo "1388"]
[BlackElo "1541"]
[PlyCount "75"]

1. e4 d5 2. exd5 Qxd5 3. Nc3 Qa5 4. d4 c6 5. Nf3 Nf6 6. Bd2 Qd8 7. h3 Bf5 8.
Bc4 e6 9. a3 Be7 10. Be3 Nbd7 11. g4 Bg6 12. Qd2 Qc7 13. Bf4 Bd6 14. Bxd6 Qxd6
15. O-O-O O-O-O 16. Qe2 Qf4+ 17. Qe3 Qc7 18. Kb1 Rde8 19. Ne5 Nxe5 20. dxe5 Nd5
21. Qd4 Nb6 22. Bd3 Rd8 23. Qe3 Bxd3 24. Rxd3 Rxd3 25. cxd3 Kb8 26. Rd1 Rc8 27.
f4 Nd5 28. Qd2 f6 29. Nxd5 cxd5 30. Rc1 Qxc1+ 31. Qxc1 Rxc1+ 32. Kxc1 fxe5 33.
fxe5 d4 34. Kc2 Kc7 35. Kb3 b5 36. a4 bxa4+ 37. Kc4 Kc6 38. Kxd4 1/2-1/2

[Event "Tournoi Skype 027A"]
[Site "Skype"]
[Date "????.??.??"]
[Round "4.32"]
[White "Alvarez, Juan Evangelista"]
[Black "Bankhede, Shivkumar"]
[Result "1-0"]
[WhiteElo "1540"]
[BlackElo "1388"]
[PlyCount "98"]

1. d4 d5 2. Qd3 Nf6 3. Nc3 c6 4. Bf4 e6 5. e4 Bb4 6. O-O-O O-O 7. exd5 cxd5 8.
h4 Nc6 9. Nf3 Nh5 10. Ng5 g6 11. Nh3 Qxh4 12. g3 Nxf4 13. gxh4 Nxd3+ 14. Rxd3
Bd7 15. Ne2 Be7 16. h5 g5 17. Rg3 f6 18. Nhf4 Kf7 19. Nd3 Bd6 20. Rgg1 Ne7 21.
Bh3 Rg8 22. f3 Bf4+ 23. Ndxf4 gxf4 24. Re1 Rg5 25. Nxf4 Nf5 26. c3 Rag8 27. Kc2
Ng3 28. Nxe6 Nxh1 29. Nxg5+ Rxg5 30. Bxd7 Rg2+ 31. Kb3 Ng3 32. Be6+ Kg7 33.
Bxd5 Nxh5 34. Re7+ Kh6 35. Be4 Rg7 36. Re6 Kg5 37. d5 Nf4 38. Re8 h5 39. c4 Kh4
40. d6 Kg3 41. Re7 Rg8 42. Rxb7 h4 43. c5 h3 44. Rh7 Kg2 45. c6 h2 46. c7 h1=Q
47. Rxh1 Kxh1 48. d7 Ne6 49. c8=Q Rxc8 1-0

[Event "Tournoi Skype 027A"]
[Site "Skype"]
[Date "????.??.??"]
[Round "4.33"]
[White "Aranzubia, Desiderio"]
[Black "Galani, Mahendra"]
[Result "1/2-1/2"]
[WhiteElo "1602"]
[BlackElo "1458"]
[PlyCount "24"]

1. d4 d5 2. Nf3 Nf6 3. c4 e6 4. Bg5 Be7 5. Nc3 dxc4 6. e3 Nd5 7. Bxe7 Nxe7 8.
Bxc4 c6 9. O-O Nd7 10. Ne4 Nb6 11. Bb3 Ned5 12. a3 O-O 1/2-1/2

[Event "Tournoi Skype 027A"]
[Site "Skype"]
[Date "????.??.??"]
[Round "4.34"]
[White "Gharbi, Said"]
[Black "Hague, Mark"]
[Result "0-1"]
[WhiteElo "1578"]
[BlackElo "1490"]
[PlyCount "46"]

1. e4 c6 2. d4 d5 3. e5 Bf5 4. c4 e6 5. c5 b6 6. b4 a5 7. Qa4 Ne7 8. b5 Qd7 9.
Bg5 h6 10. Bxe7 Bxe7 11. bxc6 Nxc6 12. Bb5 Rc8 13. cxb6 Bb4+ 14. Nd2 O-O 15. a3
Bxd2+ 16. Kxd2 Qb7 17. Bxc6 Rxc6 18. Qxa5 Rfc8 19. Ke3 Rc3+ 20. Kd2 Rc2+ 21.
Kd1 Rxf2 22. Rc1 Rf1+ 23. Kd2 Rcxc1 0-1